000 00684nam a2200277Ia 4500
005 20260324125743.0
008 008 260324s9999 xx 000 0 eng d
020 _a9780429142673
037 _aEBOOK
040 _aCRL
040 _beng
040 _cCRL
041 _2eng
041 _aeng
084 _qCRL
100 _aGeert Molenberghs; Marie Davidian; Geert Verbeke; Garrett Fitzmaurice
_91179183
245 0 _aLongitudinal Data Analysis
260 _bTaylor and Francis
260 _c2008
365 _a
365 _b305
856 _uhttp://www.taylorfrancis.com/books/9780429142673
942 _cEBOOK
999 _c1774729
_d1774729